<?xml version="1.0" encoding="UTF-8"?>
<record
    xmlns:xsi="http://www.w3.org/2001/XMLSchema-instance"
    xsi:schemaLocation="http://www.loc.gov/MARC21/slim http://www.loc.gov/standards/marcxml/schema/MARC21slim.xsd"
    xmlns="http://www.loc.gov/MARC21/slim">

  <leader>02153nam a2200505 a 4500</leader>
  <datafield tag="999" ind1=" " ind2=" ">
    <subfield code="c">357759</subfield>
    <subfield code="d">357759</subfield>
  </datafield>
  <controlfield tag="001">000000425062</controlfield>
  <controlfield tag="003">IT-MiSPE</controlfield>
  <controlfield tag="005">20180120144924.0</controlfield>
  <controlfield tag="008">160714s2016    it            001 u ita d</controlfield>
  <datafield tag="020" ind1=" " ind2=" ">
    <subfield code="a">9788831193955</subfield>
  </datafield>
  <datafield tag="040" ind1=" " ind2=" ">
    <subfield code="a">PUG</subfield>
    <subfield code="b">ita</subfield>
    <subfield code="d">clb</subfield>
    <subfield code="c">ITMiSPE</subfield>
  </datafield>
  <datafield tag="084" ind1=" " ind2=" ">
    <subfield code="a">12 F</subfield>
  </datafield>
  <datafield tag="084" ind1=" " ind2=" ">
    <subfield code="a">12 H</subfield>
  </datafield>
  <datafield tag="084" ind1=" " ind2=" ">
    <subfield code="a">12 L</subfield>
  </datafield>
  <datafield tag="130" ind1="0" ind2=" ">
    <subfield code="a">Biblia.</subfield>
    <subfield code="p">V.T.</subfield>
    <subfield code="p">Tobias.</subfield>
    <subfield code="l">Italiano.</subfield>
    <subfield code="9">56795</subfield>
  </datafield>
  <datafield tag="245" ind1="1" ind2="0">
    <subfield code="a">Tobia, Sapienza, Siracide, Baruc, aggiunte a Daniele /</subfield>
    <subfield code="c">a cura di Sever J. Voicu ; introduzione generale di Angelo Di Berardino.</subfield>
  </datafield>
  <datafield tag="260" ind1=" " ind2=" ">
    <subfield code="a">Roma :</subfield>
    <subfield code="b">Citt&#xE0; Nuova,</subfield>
    <subfield code="c">2016.</subfield>
  </datafield>
  <datafield tag="300" ind1=" " ind2=" ">
    <subfield code="a">627 p. ;</subfield>
    <subfield code="c">26 cm</subfield>
  </datafield>
  <datafield tag="490" ind1="1" ind2=" ">
    <subfield code="a">La Bibbia commentata dai Padri.</subfield>
    <subfield code="a">Antico Testamento ;</subfield>
    <subfield code="v">005</subfield>
  </datafield>
  <datafield tag="500" ind1=" " ind2=" ">
    <subfield code="a">Testo su due colonne</subfield>
  </datafield>
  <datafield tag="504" ind1=" " ind2=" ">
    <subfield code="a">Contiene riferimenti bibliografici e indici</subfield>
  </datafield>
  <datafield tag="630" ind1="0" ind2="4">
    <subfield code="a">Biblia.</subfield>
    <subfield code="p">V.T.</subfield>
    <subfield code="p">Tobias</subfield>
    <subfield code="x">Commenti italiano.</subfield>
    <subfield code="9">56796</subfield>
  </datafield>
  <datafield tag="630" ind1="0" ind2="4">
    <subfield code="a">Biblia.</subfield>
    <subfield code="p">V.T.</subfield>
    <subfield code="p">Sapientia</subfield>
    <subfield code="x">Commenti italiano.</subfield>
    <subfield code="9">56797</subfield>
  </datafield>
  <datafield tag="630" ind1="0" ind2="4">
    <subfield code="a">Biblia.</subfield>
    <subfield code="p">V.T.</subfield>
    <subfield code="p">Ecclesiasticus</subfield>
    <subfield code="x">Commenti italiano.</subfield>
    <subfield code="9">56798</subfield>
  </datafield>
  <datafield tag="630" ind1="0" ind2="4">
    <subfield code="a">Biblia.</subfield>
    <subfield code="p">V.T.</subfield>
    <subfield code="p">Baruch</subfield>
    <subfield code="x">Commenti italiano.</subfield>
    <subfield code="9">56799</subfield>
  </datafield>
  <datafield tag="630" ind1="0" ind2="4">
    <subfield code="a">Biblia.</subfield>
    <subfield code="p">V.T.</subfield>
    <subfield code="p">Daniel.</subfield>
    <subfield code="p">3,24-90</subfield>
    <subfield code="x">Commenti italiano.</subfield>
    <subfield code="9">56800</subfield>
  </datafield>
  <datafield tag="630" ind1="0" ind2="4">
    <subfield code="a">Biblia.</subfield>
    <subfield code="p">V.T.</subfield>
    <subfield code="p">Daniel.</subfield>
    <subfield code="p">13,1-14,42</subfield>
    <subfield code="x">Commenti italiano.</subfield>
    <subfield code="9">56801</subfield>
  </datafield>
  <datafield tag="655" ind1=" " ind2="7">
    <subfield code="a">Sacra Scrittura. Studi sul Vecchio Testamento</subfield>
    <subfield code="x">Pentateuco - Libri storici.</subfield>
    <subfield code="2">local</subfield>
    <subfield code="9">56802</subfield>
  </datafield>
  <datafield tag="655" ind1=" " ind2="7">
    <subfield code="a">Sacra Scrittura. Studi sul Vecchio Testamento</subfield>
    <subfield code="x">Libri poetici e sapienzali.</subfield>
    <subfield code="2">local</subfield>
    <subfield code="9">56779</subfield>
  </datafield>
  <datafield tag="655" ind1=" " ind2="7">
    <subfield code="a">Sacra Scrittura. Studi sul Vecchio Testamento</subfield>
    <subfield code="x">Profeti maggiori.</subfield>
    <subfield code="2">local</subfield>
    <subfield code="9">56786</subfield>
  </datafield>
  <datafield tag="700" ind1="1" ind2=" ">
    <subfield code="a">Voicu, Sever J.,</subfield>
    <subfield code="d">1945-,</subfield>
    <subfield code="e">ed.</subfield>
    <subfield code="9">56803</subfield>
  </datafield>
  <datafield tag="700" ind1="1" ind2=" ">
    <subfield code="a">Di Berardino, Angelo,</subfield>
    <subfield code="c">o.s.a.,</subfield>
    <subfield code="d">1930-,</subfield>
    <subfield code="e">pr.</subfield>
    <subfield code="9">56804</subfield>
  </datafield>
  <datafield tag="730" ind1="0" ind2="0">
    <subfield code="a">Biblia.</subfield>
    <subfield code="p">V.T.</subfield>
    <subfield code="p">Sapientia.</subfield>
    <subfield code="l">Italiano.</subfield>
    <subfield code="9">56805</subfield>
  </datafield>
  <datafield tag="730" ind1="0" ind2="2">
    <subfield code="a">Biblia.</subfield>
    <subfield code="p">V.T.</subfield>
    <subfield code="p">Ecclesiasticus.</subfield>
    <subfield code="l">Italiano.</subfield>
    <subfield code="9">56806</subfield>
  </datafield>
  <datafield tag="730" ind1="0" ind2="2">
    <subfield code="a">Biblia.</subfield>
    <subfield code="p">V.T.</subfield>
    <subfield code="p">Baruch.</subfield>
    <subfield code="l">Italiano.</subfield>
    <subfield code="9">56807</subfield>
  </datafield>
  <datafield tag="730" ind1="0" ind2="2">
    <subfield code="a">Biblia.</subfield>
    <subfield code="p">V.T.</subfield>
    <subfield code="p">Daniel.</subfield>
    <subfield code="p">3,24-90.</subfield>
    <subfield code="l">Italiano.</subfield>
    <subfield code="9">56808</subfield>
  </datafield>
  <datafield tag="730" ind1="0" ind2="2">
    <subfield code="a">Biblia.</subfield>
    <subfield code="p">V.T.</subfield>
    <subfield code="p">Daniel.</subfield>
    <subfield code="p">13,1-14,42.</subfield>
    <subfield code="l">Italiano.</subfield>
    <subfield code="9">56809</subfield>
  </datafield>
  <datafield tag="740" ind1="0" ind2="2">
    <subfield code="a">Sapienza.</subfield>
  </datafield>
  <datafield tag="740" ind1="0" ind2="2">
    <subfield code="a">Siracide.</subfield>
  </datafield>
  <datafield tag="740" ind1="0" ind2="2">
    <subfield code="a">Baruc.</subfield>
  </datafield>
  <datafield tag="740" ind1="0" ind2="2">
    <subfield code="a">Aggiunte a Daniele.</subfield>
  </datafield>
  <datafield tag="830" ind1=" " ind2="3">
    <subfield code="a">La Bibbia commentata dai Padri.</subfield>
    <subfield code="p">Antico Testamento ;</subfield>
    <subfield code="v">005.</subfield>
    <subfield code="9">56810</subfield>
  </datafield>
  <datafield tag="942" ind1=" " ind2=" ">
    <subfield code="2">ddc</subfield>
    <subfield code="c">BK</subfield>
  </datafield>
  <datafield tag="952" ind1=" " ind2=" ">
    <subfield code="0">0</subfield>
    <subfield code="1">0</subfield>
    <subfield code="2">ddc</subfield>
    <subfield code="4">0</subfield>
    <subfield code="6">220_660000000000000_BIB_CO_PA_23101</subfield>
    <subfield code="7">1</subfield>
    <subfield code="a">CINISELLO</subfield>
    <subfield code="b">CINISELLO</subfield>
    <subfield code="d">2018-01-20</subfield>
    <subfield code="l">0</subfield>
    <subfield code="o">220.66 BIB co pa (23101)</subfield>
    <subfield code="p">9788831193955</subfield>
    <subfield code="r">2018-01-20 00:00:00</subfield>
    <subfield code="w">2018-01-20</subfield>
    <subfield code="y">BK</subfield>
  </datafield>
</record>
